Normal view
MARC view
Entry Personal Name
001 - CONTROL NUMBER
- control field: 24284
003 - CONTROL NUMBER IDENTIFIER
- control field: OSt
005 - DATE AND TIME OF LATEST TRANSACTION
- control field: 20210621134431.0
008 - FIXED-LENGTH DATA ELEMENTS
- fixed length control field: 210621|| aca||aabn | a|a d
040 ## - CATALOGING SOURCE
- Original cataloging agency: OSt
- Transcribing agency: OSt
100 ## - HEADING--PERSONAL NAME
- Personal name: Becker, S.O., Hsiao, Y. and Pfaff, S.
670 ## - SOURCE DATA FOUND
- Source citation: Work cat.: (OSt)516246: Becker, S.O., Hsiao, Y. and Pfaff, S., Multiplex network ties and the spatial diffusion of radical innovations: Martin luther’s leadership in the early reformation
